Creer que se cree /

Guardado en:
Autor Principal: Vattimo, Gianni
Formato: Libro
Publicado: Barcelona : Paidós, 1996
Series:Paidós Studio.-
Materias:
Etiquetas: Agregar Etiqueta
Sin Etiquetas, Sea el primero en etiquetar este registro!
LEADER 00700nam a22002175a 4500
001 EHU.bham022321
003 AR-BHAM
005 20101110143323.0
008 130507s1996##################000#0#####d
082 1 9 |a 195 
100 1 |a Vattimo, Gianni 
245 1 0 |a Creer que se cree /  |c Gianni Vattimo 
260 |a Barcelona :  |b Paidós,  |c 1996 
300 |a 127 p. 
490 0 |a Paidós Studio.- 
500 |a Traducción de Carmen Revilla.- 
653 |a Filosofia hermeneutica 
653 |a Filosofia moderna occidental [europa] 
653 |a Filosofia italiana moderna 
859 |a AR-BHAM  |b BIB. HUMANIDADES - General  |h 195  |i V459-2  |p 10.99  |t Ej.1 
859 |a AR-BHAM  |b BIB. HUMANIDADES - General  |h 195  |i V459-2  |p 811.05  |t Ej.1